1348 1735 1439 1849 1617 1463 1331 1646 1888 1385 1937 1053 1206 1882 1550 1681 1598 1880 1662 1078 1220 1498 1741 1035 1448 1646 1648 1621 1966 1948 1654 1413 1043 1288 1022 1984 1908 1795 1627 1277 1252 1459 1623 1755 1582 1102 1330 1488 1809 1078 1143 1073 1545 1700 1699 1246 1900 1851 1785 1110 1307 1604 1728 1011 1868 1366 1153 1061 1307 1870 1738 1957 1821 1159 1412 1974 1482 1357 1669 1746 1460 1547 1552 1311 1369 1866 1297 1745 1629 1725 1174 1760 1276 1867 1487 1482 1725 1560 1638 BCNSPRNW ULIB Ver.6.0+V

เปลี่ยนเป็นภาษาไทย

Change to English
 แสดงรายละเอียดบรรณานุกรม
  กลับหน้าหลัก

Brief Record : Get Marc (ISO 2709) : E-mail record : QR code < ปิดหน้าต่าง
LEADER : 00000nam 2200000uu 4500
001    13399125711
003     ULIB
008    170716s2559||||th 000 0 tha d
020    ^a9786164132832
060  0 ^aQV766^bว775ส
100 0  ^aวิสันต์ ท้าวสูงเนิน
245 00 ^aสมุนไพรหลายขนาน /^cวิสันต์ ท้าวสูงเนิน
260    ^aนนทบุรี :^bStyles Pathfinder,^c2559
300    ^a96 หน้า ;^c26 ซม.
650  0 ^aสมุนไพร^xหญ้ารีแพร์^"ฮี๋ยุ่ม^"^yปอกะบิด
945    ^p120^l0^i25282
999    ^aกัณชพร จุลอักษร
รายการนี้ยังไม่มีแท็ก
คุณยังไม่ได้ล็อกอิน คุณสามารถมีกิจกรรมร่วมกับเว็บไซต์ได้ แต่ต้องล็อกอินก่อน ::
  ล็อกอิน

รายการสื่อสารสนเทศ

ลำดับที่ ประเภท เลขเรียก/บาร์โค้ด สถานที่ สถานะ
1. วิทยาศาสตร์การแพทย์ และสุขภาพ
วิทยาศาสตร์การแพทย์ และสุขภาพ
สถานะ=หนังสือเก่า
QV766 ว775ส ฉ.1 
  Barcode: 25282
ห้องสมุดวิทยาเขตนครสวรรค์
►ส่วนจัดเก็บหนังสือเก่า นว.
บนชั้น
  ขอยืม

รายการใกล้เคียง
    ผู้แต่ง [วิสันต์ ท้าวสูงเนิน]

BibComment


ยังไม่เคยถูกคอมเมนท์

คอมเมนท์ทรัพยากรรายการนี้
  คอมเมนท์: สมุนไพรหลายขนาน ..


 Copyright 2026. Bcnsprnw @Library